000 00773nam a2200229 i 4500
001 17104
003 ES-MaACL
005 20240501063023.0
007 t|
008 001220s2000 sp ||||1| spa d
020 _a84-7846-915-X
080 _a821.134.2-14"19"
100 1 _aGamoneda, Antonio,
_d1931-
_953807
245 1 0 _aSólo luz
_b: (antología poética 1947-1998) /
_cAntonio Gamoneda.
260 _aValladolid :
_bJunta de Castilla y León, Consejería de Educación y Cultura,
_c2000.
300 _a175 p. ;
_c22 cm.
490 1 _aBarrio de Maravillas
710 2 _aCastilla y León.
_bConsejería de Educación y Cultura.
_92500
830 0 _aBarrio de Maravillas
_9180244
852 _aES-MaACL
_jL-23964
_bR.129004
999 _c17104
_d17104